[Event "ECU-ch U20 Girls"]
[Site "Guayaquil"]
[Date "2020.02.22"]
[Round "6"]
[White "Sanchez Gonzalez, Eliana Valenti"]
[Black "Guerrero Caicedo, Arlette Sabina"]
[Result "1/2-1/2"]
[WhiteElo "1399"]
[BlackElo "1381"]
[PlyCount "34"]
[EventDate "2020.02.19"]
[EventType "swiss"]
[EventRounds "9"]
[EventCountry "ECU"]
[SourceTitle "CBM 195 Extra"]
[Source "ChessBase"]
[SourceDate "2020.05.31"]
[SourceVersion "1"]
[SourceVersionDate "2020.05.31"]
[SourceQuality "1"]

1. e4 d5 2. exd5 Qxd5 3. Nc3 Qd8 4. Nf3 Nf6 5. Bc4 Bf5 6. d3 e6 7. 0-0 Be7 8. h3 h6 9. Bf4 0-0 10. Nb5 Na6 11. Nbd4 Bh7 12. Bxa6 bxa6 13. Qd2 Bd6 14. Nc6 Qd7 15. Nce5 Bxe5 16. Nxe5 Qb5 17. b3 Rfd8 1/2-1/2